• Imprenta del Convento de la Merced (Madrid, España)

di Corporate Name

Records bibliografici associati: 1

001 - CONTROL NUMBER

  • control field: 72161

003 - CONTROL NUMBER IDENTIFIER

  • control field: IT-RoINE

005 - DATE AND TIME OF LATEST TRANSACTION

  • control field: 20230913100515.0

008 - FIXED-LENGTH DATA ELEMENTS

  • fixed length control field: 230913|| aca||aabn | a|a d

040 ## - CATALOGING SOURCE

  • Original cataloging agency: IT-RoINE

110 2# - HEADING--CORPORATE NAME

  • Corporate name or jurisdiction name as entry element: Imprenta del Convento de la Merced (Madrid, España)
  • Relator term: impresor